Statistics for Most Reliable Cars By Category

Click here to take the quiz!

General Stats

  • This quiz has been taken 7 times
  • The average score is 3 of 8

Answer Stats

CategoryReliability ScoreCar% Correct
Midsized 2-Row SUV87Toyota 4Runner
60%
Compact SUV84Toyota RAV4 Prime
60%
Luxury Midsized SUV82BMW X5
40%
Luxury Compact SUV83Lexus UX
40%
Compact Car84Toyota Prius
40%
Pickup Truck71Ford Maverick
20%
Subcompact SUV99Subaru Crosstrek
20%
Midsized 3-Row SUV75Toyota Highlander Hybrid
20%

Score Distribution

Percentile by Number Answered

Percent of People with Each Score

Your Score History

You have not taken this quiz